000 00817cab a2200241 4500
001 WB3101-03
008 090401t1994 xxu||||| |||| 00| 0 eng d
035 _a(Sirsi) u61328
041 _aeng
245 _aConstruction Review Forum report
260 _c1994
350 _a0
490 _aDoE News Release
_v(739) 21 December 1994, (17)
520 _aThe SoS Environment welcomes the Latham Review Implementation Forum report which supports the introduction of a Construction Contracts Bill and a Construction Industry Board. Report attached.
650 _aCONSTRUCTION CONTRACTS BILL
650 _aCONSTRUCTION INDUSTRY
650 _aLATENT DEFECTS INSURANCE
650 _aLATHAM REFORMS
650 _aREVIEW IMPLEMENTATION FORUM
690 _aBUILT ENVIRONMENT
942 _n0
948 _c04/03/1997
999 _c37972
_d37972